000 00630nam a2200253Ia 4500
003 OSt
005 20230623141121.0
008 210324s9999||||xx |||||||||||||| ||und||
040 _cSTCPL
041 _aENG
082 _a560
_bDAV-P
100 _aRaup, David M.
100 _aStanley, Steven M.
245 0 _aPrinciples of paleontology /
_cby David M. Raup and Steven M. Stanley
260 _aTokyo :
_bToppan Company, Ltd. ,
_c1971.
300 _a388 p.
_bPB
650 _aPaleontology
650 _aPaleontology
650 _aPaleozoology
650 _aChemistry
942 _cBK
942 _2ddc
942 _2ddc
999 _c21592
_d21592